| 000 | 00515nam a22001931a 4500 | ||
|---|---|---|---|
| 001 | 11696 | ||
| 003 | OSt | ||
| 005 | 20260204212252.0 | ||
| 008 | 130507s1995||||mx ||||||b||||||||||spa|| | ||
| 020 | _a9685805415 | ||
| 050 | _a340.1 K27t | ||
| 100 | _aKelsen, Hans | ||
| 245 | _aTeoria general del derecho y del estado / Hans Kelsen | ||
| 264 | _aMéxico: Universidad Nacional Autonoma de Mexico | ||
| 300 | _a477 p | ||
| 500 | _aIncluye indice | ||
| 650 | _aDERECHO GENERAL - ESTADO I-TITÌ | ||
| 942 |
_2ddc _cBK |
||
| 999 |
_c11696 _d11696 |
||